La escuela de Bobbio: reglas y normas en la filosofía jurídica italiana de inspiración analítica
-д хадгалсан:
| Үндсэн зохиолч: | |
|---|---|
| Формат: | Ном |
| Хэл сонгох: | испани |
| Хэвлэсэн: |
Madrid
Tecnos
1990
|
| Нөхцлүүд: | |
| Шошгууд: |
Шошго нэмэх
Шошго байхгүй, Энэхүү баримтыг шошголох эхний хүн болох!
|
MARC
| LEADER | 00000nam a2200000 a 4500 | ||
|---|---|---|---|
| 001 | UCV2127 | ||
| 003 | CL-VaPUC | ||
| 008 | 911104e19900000SP |||||||||||||||||spa|d | ||
| 082 | 0 | 4 | |a 340.109 |b BAR |2 21 |
| 100 | 0 | |a Barrére Unzueta, María Angeles |e author |9 296374 | |
| 245 | 1 | 3 | |a La escuela de Bobbio: reglas y normas en la filosofía jurídica italiana de inspiración analítica |
| 300 | |a 274 p | ||
| 942 | |c BK | ||
| 945 | |d 19911104 00:00:00 | ||
| 260 | |a Madrid |b Tecnos |c 1990 | ||
| 600 | 0 | |a Bobbio, Norberto |e autor |9 257371 | |
| 650 | 0 | |a Filosofía del derecho |9 255050 | |
| 651 | 0 | |a Italia |9 254949 | |
| 583 | |a last modification |c 19911104 00:00:00 |k Rodrigo Vera | ||
| 999 | |c 209810 |d 209808 | ||
| 952 | |0 0 |1 0 |4 0 |6 340_109000000000000_BAR_1990 |7 0 |8 DER_TF |9 185600 |a BIBDER |b BIBDER |d 2019-11-14 |i 2530481 |l 1 |o 340.109 BAR 1990 |p 2530481 |r 2023-01-25 |s 2020-03-17 |w 2019-11-14 |x Ubicación 4to Piso |y BK |z Estos recursos deben solicitarse con anticipación |k DER | ||